000 00510pam a2200169 a 4500
020 _a0860957284 :
082 0 0 _a690
_bMAR
_cL-39, P-33
100 1 _aMarsh, Paul Hugh.
_945168
245 1 0 _aSecurity in buildings /
_cPaul Marsh.
260 _aLondon ;
_aNew York :
_bConstruction Press,
_c1985.
300 _aix, 155 p. :
_bill. ;
_c24 cm.
500 _aIncludes index.
526 _a0
_b0
_c0
_d690_000000000000000_MAR
650 0 _aBuildings
_xSecurity measures.
_933063
650 0 _aMCE
_9379
942 _2ddc
_cBK
999 _c548751
_d548751